[Event "Festival de Montpellier - Masters"]
[Site "MONTPELLIER"]
[Date "2003.??.??"]
[Round "2.12"]
[White "Riff, Jean-Noel"]
[Black "Bricard, Emmanuel"]
[Result "0-1"]
[WhiteElo "2331"]
[BlackElo "2456"]
[PlyCount "60"]
[EventDate "2003.??.??"]

1. e4 e5 2. Nf3 Nc6 3. Bb5 Nge7 4. d4 exd4 5. Bg5 h6 6. Bh4 g5 7. Bg3 Bg7 8.
Nbd2 O-O 9. Nb3 d5 10. exd5 Qxd5 11. Bxc6 Nxc6 12. O-O f5 13. Bxc7 Rf7 14. c4
Qxc4 15. Rc1 Qa4 16. Bd6 Rd7 17. Ba3 Rd5 18. Qe2 Bd7 19. Nc5 d3 20. Qe3 f4 21.
Qe1 d2 22. Nxd2 Qd4 23. Ndb3 Qf6 24. Nxd7 Rxd7 25. Nc5 Rf7 26. Ne4 Qg6 27. Rxc6
bxc6 28. Nd6 Rd7 29. Nc4 Re8 30. Qa5 Qd3 0-1

[Event "Festival de Montpellier - Masters"]
[Site "MONTPELLIER"]
[Date "2003.??.??"]
[Round "2.13"]
[White "Gladyszev, Oleg"]
[Black "Touzane, Olivier"]
[Result "0-1"]
[WhiteElo "2455"]
[BlackElo "2328"]
[PlyCount "38"]
[EventDate "2003.??.??"]

1. d4 Nf6 2. c4 g6 3. Nc3 Bg7 4. Bg5 d6 5. e3 O-O 6. Be2 c5 7. Nf3 Bf5 8. h3
Ne4 9. Nxe4 Bxe4 10. O-O h6 11. Bf4 Qb6 12. Nd2 Bf5 13. e4 Bc8 14. dxc5 dxc5
15. Qb3 Nc6 16. Rac1 Kh7 17. Rfd1 e5 18. Be3 Nd4 19. Bxd4 exd4 {
suite illisible.} 0-1

[Event "Festival de Montpellier - Masters"]
[Site "MONTPELLIER"]
[Date "2003.??.??"]
[Round "2.14"]
[White "Olarasu, Gabriela"]
[Black "Vajda, Albert"]
[Result "0-1"]
[WhiteElo "2305"]
[BlackElo "2447"]
[PlyCount "72"]
[EventDate "2003.??.??"]

1. Nf3 d5 2. d4 c6 3. e3 Bf5 4. c4 e6 5. Nc3 Nf6 6. Be2 Nbd7 7. Nh4 Bg6 8. Nxg6
hxg6 9. Qc2 a6 10. Bd2 Be7 11. Rd1 Rc8 12. c5 e5 13. f4 exd4 14. exd4 Ng8 15.
O-O f5 16. b4 Ngf6 17. Be1 Kf7 18. h3 Nf8 19. Na4 Ne6 20. Nb2 Kg8 21. Qc3 Ne4
22. Qe3 Bf6 23. Bf3 Rc7 24. Bxe4 dxe4 25. Qb3 Qd5 26. Qxd5 cxd5 27. Bc3 Rh4 28.
g3 Rxh3 29. Kg2 Rh5 30. Rd2 g5 31. fxg5 Rxg5 32. Rdf2 f4 33. Rxf4 Nxf4+ 34.
Rxf4 Rf7 35. Nd1 Bd8 36. Bd2 Bc7 0-1

[Event "Festival de Montpellier - Masters"]
[Site "MONTPELLIER"]
[Date "2003.??.??"]
[Round "2.16"]
[White "Prie, Eric"]
[Black "Saucey, Michel"]
[Result "1-0"]
[WhiteElo "2435"]
[BlackElo "2311"]
[PlyCount "65"]
[EventDate "2003.??.??"]

1. d4 d5 2. Nf3 e6 3. Bf4 Bd6 4. e3 Bxf4 5. exf4 Qd6 6. Qd2 Ne7 7. Na3 O-O 8.
c3 Nd7 9. Nb5 Qb6 10. a4 c6 11. a5 Qd8 12. Nd6 Nf6 13. Nxc8 Nxc8 14. Bd3 Nd6
15. O-O Qc7 16. g3 c5 17. dxc5 Qxc5 18. Nd4 b6 19. axb6 axb6 20. Qe2 g6 21.
Rfe1 Qc7 22. Kg2 Nfe4 23. h4 Nc5 24. h5 Nxd3 25. Qxd3 Qe7 26. hxg6 hxg6 27.
Rxe6 fxe6 28. Qxg6+ Qg7 29. Qxe6+ Nf7 30. Nf5 Rxa1 31. Nxg7 Kxg7 32. f5 Rd8 33.
Qg6+ 1-0

[Event "Festival de Montpellier - Masters"]
[Site "MONTPELLIER"]
[Date "2003.??.??"]
[Round "2.18"]
[White "Vajda, Szidonia"]
[Black "Ricbour, Jeremy"]
[Result "0-1"]
[WhiteElo "2403"]
[BlackElo "2098"]
[PlyCount "94"]
[EventDate "2003.??.??"]

1. e4 c5 2. Nf3 Nc6 3. c3 d5 4. exd5 Qxd5 5. d4 Bg4 6. Nbd2 Nf6 7. Bc4 Qd7 8.
Qb3 e6 9. Ne5 Qc7 10. Nxg4 Nxg4 11. h3 Nf6 12. Nf3 cxd4 13. Nxd4 Bc5 14. Nxc6
bxc6 15. O-O O-O 16. Qc2 Qe5 17. Qe2 Qg3 18. Ba6 Qc7 19. Bg5 Nd5 20. Qe4 Rac8
21. Bd3 f5 22. Qc4 Bb6 23. Rac1 Kh8 24. Bc2 e5 25. Qh4 Ne7 26. Ba4 Ng6 27. Qc4
h6 28. Be3 Rf6 29. b4 e4 30. Bd4 Bxd4 31. Qxd4 Nf4 32. Kh1 Rg6 33. Rg1 Rd8 34.
Qc4 Nd3 35. Rc2 Qf4 36. Qf7 Kh7 37. Qxa7 c5 38. Qe7 Rc8 39. Be8 Rxe8 40. Qxe8
Nxf2+ 41. Rxf2 Qxf2 42. Qe5 cxb4 43. cxb4 e3 44. Qd4 f4 45. Qe4 e2 46. Rb1 Qf1+
47. Kh2 f3 0-1

[Event "Festival de Montpellier - Masters"]
[Site "MONTPELLIER"]
[Date "2003.??.??"]
[Round "2.19"]
[White "Diakonov, Michel"]
[Black "Bergez, Luc"]
[Result "1/2-1/2"]
[WhiteElo "2096"]
[BlackElo "2400"]
[PlyCount "117"]
[EventDate "2003.??.??"]

1. d4 d5 2. Nf3 Nf6 3. e3 Bf5 4. c4 c6 5. Nc3 e6 6. Qb3 Qb6 7. c5 Qc7 8. Qd1
Nbd7 9. b4 e5 10. dxe5 Nxe5 11. Nxe5 Qxe5 12. Qd4 Qe7 13. a3 g6 14. Bb2 Bg7 15.
Be2 O-O 16. Qd2 Rad8 17. O-O Rfe8 18. Bf3 Ne4 19. Bxe4 dxe4 20. Qc2 Bg4 21. Ne2
Bxb2 22. Qxb2 Bxe2 23. Qxe2 Rd3 24. Rfd1 Red8 25. Rxd3 Rxd3 26. Rd1 Rxa3 27.
Qb2 Ra4 28. Qb3 Ra6 29. Qc2 b6 30. b5 Ra5 31. cxb6 axb6 32. Qxc6 Qe5 33. Qxb6
Rxb5 34. Qd8+ Kg7 35. g3 Qf5 36. Qd7 Qh5 37. Qd4+ Kh6 38. Rc1 Qf5 39. Qd6 Kh5
40. Qf4 Qxf4 41. exf4 e3 42. Rc2 exf2+ 43. Rxf2 Kg4 44. Kg2 h5 45. h3+ Kf5 46.
Re2 h4 47. g4+ Kxf4 48. Rf2+ Ke4 49. Rxf7 Rb2+ 50. Kg1 Rb3 51. Kg2 Rg3+ 52. Kh2
Rf3 53. Rb7 Rf2+ 54. Kg1 Rd2 55. Rf7 Ke3 56. Rf6 Rd4 57. Kg2 Rd2+ 58. Kg1 Ra2
59. Rf7 1/2-1/2

[Event "Festival de Montpellier - Masters"]
[Site "MONTPELLIER"]
[Date "2003.??.??"]
[Round "2.20"]
[White "Pert, Nicholas"]
[Black "Rigolot, Matthieu"]
[Result "1-0"]
[WhiteElo "2483"]
[BlackElo "2042"]
[PlyCount "75"]
[EventDate "2003.??.??"]

1. d4 Nf6 2. Nf3 e6 3. c4 d5 4. Nc3 c6 5. Bg5 Be7 6. e3 O-O 7. Bd3 a6 8. O-O b5
9. b3 Nbd7 10. Qc2 h6 11. Bh4 Bb7 12. Rfd1 Rc8 13. c5 Nh5 14. Bxe7 Qxe7 15. b4
e5 16. dxe5 Nxe5 17. Be2 a5 18. Nxe5 Qxe5 19. bxa5 Ra8 20. a4 Rxa5 21. axb5
Rfa8 22. Rxa5 Rxa5 23. Qd2 Nf6 24. Nxd5 Ra1 25. Nxf6+ Qxf6 26. Bf3 Kh7 27. h3
Ba8 28. Qd3+ g6 29. bxc6 Bxc6 30. Bxc6 Rxd1+ 31. Qxd1 Qxc6 32. Qb3 Kg7 33. Qb2+
Kh7 34. Qb3 Kg7 35. Qb6 Qd5 36. c6 Qd1+ 37. Kh2 Qd6+ 38. f4 1-0

[Event "Festival de Montpellier - Masters"]
[Site "MONTPELLIER"]
[Date "2003.??.??"]
[Round "3.2"]
[White "Vajda, Albert"]
[Black "Hebden, Mark"]
[Result "1/2-1/2"]
[WhiteElo "2447"]
[BlackElo "2544"]
[PlyCount "132"]
[EventDate "2003.??.??"]

1. e4 e5 2. Nf3 Nc6 3. Bb5 a6 4. Ba4 Nf6 5. O-O Be7 6. d3 b5 7. Bb3 O-O 8. a4
Bb7 9. Bg5 d6 10. Bxf6 Bxf6 11. Bd5 Qd7 12. Qd2 Rab8 13. axb5 axb5 14. h3 Bc8
15. Nc3 Ne7 16. Bb3 c6 17. Qe3 Ng6 18. Ra7 Rb7 19. Rfa1 Nf4 20. Rxb7 Bxb7 21.
Ne2 Nxe2+ 22. Qxe2 Qc7 23. Nh2 g6 24. Qg4 Bg7 25. Qh4 c5 26. c4 b4 27. Bd1 Qd8
28. Qxd8 Rxd8 29. Nf1 Bh6 30. Ra7 Rb8 31. b3 Kf8 32. Ne3 Bxe3 33. fxe3 h5 34.
Kf2 Ke7 35. Kg3 Kf6 36. Kh4 Bc8 37. Bf3 Be6 38. Kg3 Kg5 39. Ra6 Rd8 40. Ra7 h4+
41. Kf2 Kf6 42. Ke2 Rd7 43. Ra5 Rc7 44. Kd2 Bd7 45. Kc2 Ke7 46. Ra8 Bc8 47. Rb8
Be6 48. Rh8 Rc8 49. Rxh4 Ra8 50. Kb2 Kf6 51. Rh7 g5 52. g4 Kg6 53. Rh5 f6 54.
h4 gxh4 55. Rxh4 Kg7 56. Be2 Rh8 57. Rxh8 Kxh8 58. Kc1 Kg7 59. Kd2 Kh6 60. Bd1
Kg5 61. Bc2 Kxg4 62. Bb1 Kf3 63. Bc2 Kf2 64. Bb1 f5 65. exf5 Bxf5 66. e4 Bg4
1/2-1/2

[Event "Festival de Montpellier - Masters"]
[Site "MONTPELLIER"]
[Date "2003.??.??"]
[Round "3.4"]
[White "Touzane, Olivier"]
[Black "Miezis, Normunds"]
[Result "1/2-1/2"]
[WhiteElo "2328"]
[BlackElo "2508"]
[PlyCount "23"]
[EventDate "2003.??.??"]

1. d4 e6 2. c4 b6 3. a3 Bb7 4. Nc3 f5 5. d5 Nf6 6. g3 b5 7. Nxb5 exd5 8. cxd5
Bxd5 9. Nf3 Bc5 10. Bg2 a5 11. Bg5 Be4 12. Bxf6 1/2-1/2

[Event "Festival de Montpellier - Masters"]
[Site "MONTPELLIER"]
[Date "2003.??.??"]
[Round "3.5"]
[White "Miralles, Gilles"]
[Black "Prie, Eric"]
[Result "1/2-1/2"]
[WhiteElo "2463"]
[BlackElo "2435"]
[PlyCount "69"]
[EventDate "2003.??.??"]

1. e4 c5 2. Nf3 Nc6 3. c3 d5 4. exd5 Qxd5 5. d4 e6 6. Be2 Nf6 7. Na3 Qd8 8. O-O
cxd4 9. Nb5 Bc5 10. Nbxd4 Bxd4 11. cxd4 O-O 12. Bg5 h6 13. Bh4 b6 14. Qa4 Bb7
15. Rfd1 Ne7 16. Bxf6 gxf6 17. Rac1 Ng6 18. g3 Qd5 19. Rc3 Rfc8 20. Rdc1 Ne7
21. Bf1 Rxc3 22. Rxc3 Nf5 23. Bg2 b5 24. Qd1 Qxa2 25. Nh4 Bxg2 26. Nxf5 exf5
27. Kxg2 Rd8 28. b3 Qa5 29. Rc5 Qb4 30. Rxf5 Qxd4 31. Qxd4 Rxd4 32. Rxb5 Rd2
33. Ra5 Rd3 34. b4 Rd4 35. Rxa7 1/2-1/2

[Event "Festival de Montpellier - Masters"]
[Site "MONTPELLIER"]
[Date "2003.??.??"]
[Round "3.6"]
[White "Ricbour, Jeremy"]
[Black "Libiszewski, Fabien"]
[Result "0-1"]
[WhiteElo "2098"]
[BlackElo "2458"]
[PlyCount "88"]
[EventDate "2003.??.??"]

1. e4 e6 2. d4 d5 3. e5 c5 4. c3 Nc6 5. Nf3 Bd7 6. Be2 Nge7 7. Na3 cxd4 8. cxd4
Nf5 9. Nc2 Nb4 10. Bd2 Nxc2+ 11. Qxc2 Qb6 12. Bc3 Rc8 13. Qb3 Qxb3 14. axb3 a6
15. b4 Ne7 16. O-O Nc6 17. b5 axb5 18. Bxb5 Nxe5 19. Bxd7+ Nxd7 20. Ra7 Rb8 21.
Nd2 Bd6 22. Nb3 b6 23. Rfa1 Ke7 24. Nc1 Rhc8 25. Nd3 Ke8 26. f4 Rc4 27. Kf2 Nf6
28. Ke3 Ne4 29. Ra8 Nxc3 30. Rxb8+ Bxb8 31. bxc3 Rxc3 32. Ra8 Rc8 33. Ra6 Bc7
34. Ra7 Bd6 35. Ne5 Bxe5 36. fxe5 Rc2 37. Kf3 g6 38. h4 Rc4 39. Ke3 Rc3+ 40.
Kf4 h6 41. g4 Rd3 42. h5 Rxd4+ 43. Kf3 gxh5 44. gxh5 Rh4 0-1

[Event "Festival de Montpellier - Masters"]
[Site "MONTPELLIER"]
[Date "2003.??.??"]
[Round "3.7"]
[White "Bauer, Christian"]
[Black "Ionescu, Doru Alexandru"]
[Result "1-0"]
[WhiteElo "2589"]
[BlackElo "2406"]
[PlyCount "67"]
[EventDate "2003.??.??"]

1. e4 c5 2. Nf3 g6 3. d4 cxd4 4. Nxd4 Bg7 5. c4 Nc6 6. Be3 Nf6 7. Nc3 O-O 8.
Be2 d6 9. O-O Bd7 10. Qd2 Nxd4 11. Bxd4 Bc6 12. f3 Nd7 13. Be3 a5 14. b3 Nc5
15. Rab1 Qb6 16. Rfc1 Qb4 17. Rc2 Qa3 18. Bg5 Rfe8 19. Nd5 Bxd5 20. cxd5 Qb4
21. Qxb4 axb4 22. Bd2 e6 23. Bxb4 exd5 24. exd5 Bd4+ 25. Kf1 Re5 26. Rd1 Be3
27. Bb5 f5 28. Bc3 Re7 29. Re1 f4 30. Bd4 Ra5 31. Bc4 Nd7 32. Bc3 Ra8 33. Bb4
Nc5 34. Bxc5 1-0

[Event "Festival de Montpellier - Masters"]
[Site "MONTPELLIER"]
[Date "2003.??.??"]
[Round "3.8"]
[White "Degraeve, Jean-Marc"]
[Black "Karpatchev, Aleksandr"]
[Result "1-0"]
[WhiteElo "2541"]
[BlackElo "2397"]
[PlyCount "123"]
[EventDate "2003.??.??"]

1. e4 e5 2. Nf3 Nc6 3. Bc4 Nf6 4. d3 Be7 5. O-O O-O 6. Re1 d6 7. a4 Kh8 8. a5
a6 9. Nc3 Ng8 10. Nd5 f5 11. c3 Nf6 12. Ng5 Ng4 13. Nxe7 Qxe7 14. exf5 Bxf5 15.
f3 Nf6 16. d4 h6 17. Ne4 d5 18. Ng3 dxc4 19. Nxf5 Qd7 20. Nh4 Rfe8 21. Ng6+ Kg8
22. Nxe5 Nxe5 23. dxe5 Qxd1 24. Rxd1 Rxe5 25. Bf4 Re2 26. Bxc7 Rxb2 27. Rab1
Rb5 28. Rxb5 axb5 29. Bd8 Kf7 30. Kf2 Ke6 31. Bxf6 gxf6 32. Ra1 Ra6 33. Ke3 Kd5
34. Kd2 Kc5 35. Kc2 Re6 36. Kd2 f5 37. g4 Rf6 38. Re1 Kd5 39. Rb1 Kc5 40. Re1
Kd5 41. Rb1 Kc6 42. Re1 f4 43. Kc2 Kd5 44. Re7 Ra6 45. Rxb7 Rxa5 46. Kb2 Kc5
47. Rf7 Ra8 48. Rf5+ Kb6 49. Rxf4 Ka5 50. h4 Re8 51. Re4 Rd8 52. Kc2 Rd3 53.
Rf4 Re3 54. g5 hxg5 55. hxg5 Ka4 56. g6 Re2+ 57. Kd1 Re8 58. g7 Rg8 59. Rg4 Kb3
60. f4 b4 61. cxb4 c3 62. Kc1 1-0

[Event "Festival de Montpellier - Masters"]
[Site "MONTPELLIER"]
[Date "2003.??.??"]
[Round "3.9"]
[White "Kosten, Anthony C"]
[Black "Cioara, Andrei Nestor"]
[Result "1-0"]
[WhiteElo "2514"]
[BlackElo "2394"]
[PlyCount "111"]
[EventDate "2003.??.??"]

1. c4 e5 2. Nc3 Nf6 3. Nf3 Nc6 4. g3 d5 5. cxd5 Nxd5 6. Bg2 Nb6 7. O-O Be7 8.
a3 Be6 9. b4 O-O 10. Rb1 f6 11. d3 Qd7 12. Ne4 Nd5 13. Bb2 Bh3 14. Bxh3 Qxh3
15. Qb3 Qe6 16. Nc3 Nf4 17. Nd2 Nd4 18. Qxe6+ Nfxe6 19. e3 Nc6 20. b5 Na5 21.
Nd5 Bc5 22. Ne4 Bb6 23. f4 exf4 24. gxf4 Rfd8 25. Nxb6 axb6 26. Rfd1 Nc5 27.
Nf2 Re8 28. e4 Rad8 29. Bc3 Ne6 30. f5 Nd4 31. Bxd4 Rxd4 32. Rdc1 Rd7 33. Rc3
Re5 34. Kf1 Rc5 35. Rxc5 bxc5 36. Rc1 Nb3 37. Rc3 Nd4 38. Rxc5 b6 39. Rc4 Nxb5
40. a4 Nd4 41. Ng4 Nb3 42. Ke2 c5 43. Ne3 Kf7 44. Nd5 Nd4+ 45. Kd2 Rd6 46. Nc7
Nf3+ 47. Ke2 Ne5 48. Rc3 Rd4 49. a5 bxa5 50. Ne6 Rd6 51. Rxc5 g6 52. d4 gxf5
53. exf5 Ng4 54. Rc7+ Ke8 55. Rxh7 Rb6 56. Kf3 1-0

[Event "Festival de Montpellier - Masters"]
[Site "MONTPELLIER"]
[Date "2003.??.??"]
[Round "3.10"]
[White "Marcelin, Cyril"]
[Black "Santo-Roman, Marc"]
[Result "1-0"]
[WhiteElo "2503"]
[BlackElo "2381"]
[PlyCount "87"]
[EventDate "2003.??.??"]

1. d4 f5 2. Bg5 h6 3. Bh4 g5 4. e4 Nf6 5. e5 e6 6. exf6 Qxf6 7. Bg3 f4 8. c3
Bg7 9. Qh5+ Kd8 10. Ne2 fxg3 11. Nxg3 Rf8 12. Qe2 Bh8 13. Nd2 d5 14. Nf3 Nc6
15. h3 e5 16. dxe5 Nxe5 17. O-O-O c6 18. Nxe5 Qxe5 19. Qc2 Kc7 20. Bd3 Bd7 21.
Bg6 Qf6 22. Rd2 Be8 23. Bxe8 Raxe8 24. Re2 Rxe2 25. Qxe2 Rf7 26. Re1 Qxf2 27.
Rf1 Qxg3 28. Rxf7+ Kb6 29. Qe7 Qb8 30. Qb4+ Ka6 31. Qf8 Qxf8 32. Rxf8 Be5 33.
g4 b5 34. Rf5 Bh8 35. Rf7 Be5 36. Rh7 Kb6 37. Kc2 Bg3 38. Rxh6 Kc5 39. Rh5 Bh4
40. b4+ Kd6 41. Rh6+ Ke5 42. Kd3 Bf2 43. Rxc6 Bg1 44. Rg6 1-0

[Event "Festival de Montpellier - Masters"]
[Site "MONTPELLIER"]
[Date "2003.??.??"]
[Round "3.13"]
[White "Parmentier, Xavier"]
[Black "Pert, Nicholas"]
[Result "1/2-1/2"]
[WhiteElo "2347"]
[BlackElo "2483"]
[PlyCount "84"]
[EventDate "2003.??.??"]

1. Nf3 d5 2. d4 Nf6 3. c4 c6 4. e3 Bg4 5. h3 Bxf3 6. Qxf3 e6 7. Nc3 Nbd7 8. Bd3
Bd6 9. O-O O-O 10. Rd1 Qe7 11. e4 e5 12. exd5 exd4 13. Ne4 cxd5 14. cxd5 Nxe4
15. Qxe4 Qxe4 16. Bxe4 Rfe8 17. Bf3 Ne5 18. Be2 Bc5 19. b4 Bxb4 20. Rb1 Bc5 21.
Bb2 Ng6 22. Bf3 Nh4 23. Bxd4 Nxf3+ 24. gxf3 Bxd4 25. Rxd4 Re7 26. d6 Rd7 27.
Rc1 Rad8 28. Rc7 Kf8 29. Ra4 a6 30. Rb4 b5 31. a4 Rxd6 32. axb5 Rb6 33. Rf4
Rg6+ 34. Kf1 axb5 35. Rcxf7+ Kg8 36. Rb7 Rg5 37. h4 Rh5 38. Rff7 g6 39. Rg7+
Kh8 40. Rgf7 Kg8 41. Rg7+ Kh8 42. Rgf7 Kg8 1/2-1/2

[Event "Festival de Montpellier - Masters"]
[Site "MONTPELLIER"]
[Date "2003.??.??"]
[Round "3.16"]
[White "Carlhammar, Magnus"]
[Black "Gozzoli, Yannick"]
[Result "0-1"]
[WhiteElo "2279"]
[BlackElo "2445"]
[PlyCount "80"]
[EventDate "2003.??.??"]

1. d4 Nf6 2. c4 e6 3. Nc3 c5 4. d5 exd5 5. cxd5 d6 6. e4 g6 7. f4 Bg7 8. Nf3
O-O 9. Be2 Bg4 10. O-O Bxf3 11. Bxf3 Nbd7 12. Re1 Re8 13. Kh1 a6 14. a4 Qc7 15.
Be3 Rab8 16. a5 b5 17. axb6 Rxb6 18. Re2 Reb8 19. Qc1 Ne8 20. Rc2 Qb7 21. Na4
Rb3 22. Ra2 Nc7 23. e5 Nb5 24. Be2 Rb4 25. Bc4 Nd4 26. Bxd4 cxd4 27. exd6 Bf8
28. b3 Bxd6 29. Qd2 Re8 30. Ra1 Re4 31. Rf1 Nf6 32. Bd3 Qxd5 33. Bxe4 Nxe4 34.
Qd3 Rxb3 35. Qc4 Qb5 36. f5 Qe5 37. g3 Rb4 38. Qc8+ Kg7 39. fxg6 hxg6 40. Nb2
Qd5 0-1

[Event "Festival de Montpellier - Masters"]
[Site "MONTPELLIER"]
[Date "2003.??.??"]
[Round "3.17"]
[White "Bronznik, Valerij"]
[Black "Brunner, Nicolas"]
[Result "1/2-1/2"]
[WhiteElo "2418"]
[BlackElo "2253"]
[PlyCount "70"]
[EventDate "2003.??.??"]

1. d4 Nf6 2. Nf3 g6 3. Nc3 d5 4. Bf4 Bg7 5. e3 O-O 6. Be2 c5 7. dxc5 Qa5 8. Nd2
Qxc5 9. Nb3 Qb6 10. a4 Nc6 11. a5 Qd8 12. O-O e5 13. Bg3 d4 14. exd4 exd4 15.
Nb5 Ne4 16. Bc7 Qe7 17. f3 a6 18. fxe4 axb5 19. Bb6 Qxe4 20. Bxb5 Nb4 21. Rf2
Bf5 22. Nc5 Qd5 23. Ra4 Nxc2 24. Rxc2 Bxc2 25. Qxc2 Rfc8 26. Bd3 Qg5 27. Ra1
Rc6 28. Rf1 Be5 29. Qf2 f5 30. Bc4+ Kh8 31. Bd5 Rd6 32. Bxb7 Re8 33. Bc7 Qe7
34. Bb6 Rxb6 35. axb6 Qxc5 1/2-1/2

[Event "Festival de Montpellier - Masters"]
[Site "MONTPELLIER"]
[Date "2003.??.??"]
[Round "3.19"]
[White "Bratanov, Zsivko"]
[Black "Calzetta, Monica"]
[Result "1-0"]
[WhiteElo "2396"]
[BlackElo "2242"]
[PlyCount "39"]
[EventDate "2003.??.??"]

1. d4 Nf6 2. Nf3 c5 3. c3 Qc7 4. Bg5 Ne4 5. Bh4 g6 6. Nbd2 Nxd2 7. Qxd2 Bg7 8.
e4 d6 9. Bb5+ Bd7 10. a4 O-O 11. dxc5 Qxc5 12. Bxe7 Re8 13. Qxd6 Bxc3+ 14. bxc3
Qxc3+ 15. Ke2 Nc6 16. Rhc1 Qb2+ 17. Kf1 Rxe7 18. Bxc6 Re6 19. Qxd7 Rxc6 20. Qd2
1-0

[Event "Festival de Montpellier - Masters"]
[Site "MONTPELLIER"]
[Date "2003.??.??"]
[Round "4.1"]
[White "Nevednichy, Vladislav"]
[Black "Collas, Didier"]
[Result "0-1"]
[WhiteElo "2593"]
[BlackElo "2437"]
[PlyCount "48"]

1. e4 e5 2. Nf3 Nf6 3. d4 Nxe4 4. Bd3 d5 5. dxe5 Nc6 6. O-O Bg4 7. Nc3 Nxc3 8.
bxc3 Bc5 9. Bf4 O-O 10. h3 Bh5 11. g4 Bg6 12. Re1 Bb6 13. Bg3 f5 14. Kg2 Kh8
15. Bh4 Qe8 16. e6 fxg4 17. hxg4 Rf4 18. Kg3 Bxf2+ 19. Kxf2 Be4 20. Bg5 Rxg4
21. Rg1 Qxe6 22. Rxg4 Qxg4 23. Be2 Rf8 24. Qg1 Bxf3 0-1

[Event "Festival de Montpellier - Masters"]
[Site "MONTPELLIER"]
[Date "2003.??.??"]
[Round "4.2"]
[White "Libiszewski, Fabien"]
[Black "Degraeve, Jean-Marc"]
[Result "0-1"]
[WhiteElo "2458"]
[BlackElo "2541"]
[PlyCount "78"]

1. e4 d5 2. exd5 Qxd5 3. Nc3 Qa5 4. d4 Nf6 5. Nf3 c6 6. Bc4 Bf5 7. Bd2 e6 8.
Nd5 Qd8 9. Nxf6+ Qxf6 10. Qe2 Nd7 11. O-O-O Nb6 12. Bd3 Bxd3 13. Qxd3 Bd6 14.
Ng5 Be7 15. Ne4 Qf5 16. Nc5 Qd5 17. Qb3 Bxc5 18. Qxd5 Nxd5 19. dxc5 O-O-O 20.
Ba5 Rd7 21. Rd3 Nf6 22. Rg3 Rg8 23. Re1 Rd5 24. Bc3 Rf5 25. Bd4 g5 26. Ra3 a6
27. h3 h5 28. f3 h4 29. Re5 Rxe5 30. Bxe5 Nd5 31. Rd3 f6 32. Rxd5 cxd5 33. Bxf6
Rf8 34. Be7 Rf5 35. Kd2 Kd7 36. Bd6 e5 37. Ke3 Ke6 38. c3 Rf4 39. Kd3 g4 0-1

[Event "Festival de Montpellier - Masters"]
[Site "MONTPELLIER"]
[Date "2003.??.??"]
[Round "4.4"]
[White "Hebden, Mark"]
[Black "Miralles, Gilles"]
[Result "1-0"]
[WhiteElo "2544"]
[BlackElo "2463"]
[PlyCount "95"]

1. d4 Nf6 2. Nf3 e6 3. c3 c5 4. Bg5 h6 5. Bxf6 Qxf6 6. e4 cxd4 7. cxd4 Bb4+ 8.
Nc3 Nc6 9. Rc1 O-O 10. a3 Bxc3+ 11. Rxc3 d6 12. Bb5 Bd7 13. O-O a6 14. e5 Qd8
15. Bd3 Ne7 16. exd6 Nd5 17. Rc5 b6 18. Rc1 Qb8 19. Ne5 Qxd6 20. Qf3 Bb5 21.
Rfd1 Bxd3 22. Qxd3 Qe7 23. Rc4 Qb7 24. Qf3 Rac8 25. Rdc1 Rxc4 26. Rxc4 Re8 27.
h4 Re7 28. h5 Rc7 29. b3 b5 30. Rc5 Rxc5 31. dxc5 Qc7 32. Nd3 Qa5 33. Nb4 Qxa3
34. Nxd5 Qc1+ 35. Kh2 exd5 36. Qxd5 Qf4+ 37. Kh3 Qxf2 38. c6 Qe3+ 39. Kh2 Qf4+
40. Kg1 Kh7 41. Qc5 Qe4 42. Kf1 Qb1+ 43. Ke2 Qxb3 44. c7 Qe6+ 45. Kd2 Qc8 46.
g4 g6 47. hxg6+ Kg7 48. gxf7 1-0

[Event "Festival de Montpellier - Masters"]
[Site "MONTPELLIER"]
[Date "2003.??.??"]
[Round "4.5"]
[White "Prie, Eric"]
[Black "Kosten, Anthony C"]
[Result "1/2-1/2"]
[WhiteElo "2435"]
[BlackElo "2514"]
[PlyCount "27"]

1. d4 Nf6 2. Nf3 e6 3. c3 b6 4. Bg5 Bb7 5. Nbd2 Be7 6. e3 Ne4 7. Bxe7 Qxe7 8.
Nxe4 Bxe4 9. Bd3 Bb7 10. O-O O-O 11. e4 d6 12. Re1 e5 13. Qe2 c6 14. Rad1
1/2-1/2

[Event "Festival de Montpellier - Masters"]
[Site "MONTPELLIER"]
[Date "2003.??.??"]
[Round "4.7"]
[White "Flear, Glenn C"]
[Black "Touzane, Olivier"]
[Result "1-0"]
[WhiteElo "2527"]
[BlackElo "2328"]
[PlyCount "79"]

1. d4 Nf6 2. c4 e6 3. Nc3 Bb4 4. e3 O-O 5. Bd3 d5 6. cxd5 exd5 7. Nge2 c6 8.
Bd2 Re8 9. Qc2 Nbd7 10. h3 c5 11. dxc5 Nxc5 12. O-O Nxd3 13. Qxd3 Be6 14. Rfd1
Qe7 15. Rac1 a6 16. Nd4 Rad8 17. Nce2 Bd6 18. Ba5 Rc8 19. Rxc8 Rxc8 20. Nf5
Bxf5 21. Qxf5 Qe6 22. Nd4 Qe8 23. Bc3 Bf8 24. Ne2 Qe6 25. Qd3 d4 26. Bxd4 Qxa2
27. Bxf6 gxf6 28. Qd7 Qb3 29. Rd4 Rc5 30. Nc3 f5 31. Nd5 Rc1+ 32. Kh2 Qc2 33.
Qd8 Qxf2 34. Qg5+ Kh8 35. Qf6+ Kg8 36. Rg4+ fxg4 37. Qxf2 Bd6+ 38. Nf4 gxh3 39.
Kxh3 h5 40. Nxh5 1-0

[Event "Festival de Montpellier - Masters"]
[Site "MONTPELLIER"]
[Date "2003.??.??"]
[Round "4.11"]
[White "Pert, Richard G"]
[Black "Bricard, Emmanuel"]
[Result "1-0"]
[WhiteElo "2380"]
[BlackElo "2456"]
[PlyCount "81"]

1. d4 d5 2. c4 c6 3. cxd5 cxd5 4. Bf4 Nc6 5. e3 Nf6 6. Nc3 e6 7. Bd3 Be7 8. h3
Bd6 9. Bxd6 Qxd6 10. Nf3 O-O 11. O-O Bd7 12. Rc1 Rfc8 13. a3 Be8 14. Nd2 a6 15.
Na4 Na7 16. Nc5 Rc7 17. Qb3 Qe7 18. Rc3 Nb5 19. Bxb5 Bxb5 20. Rfc1 b6 21. Na4
Bxa4 22. Qxa4 Rxc3 23. Rxc3 Ne8 24. Qc2 g6 25. Nf3 Kg7 26. Rc6 Rb8 27. Ne5 Rb7
28. Qb3 Qd8 29. Qb4 a5 30. Qb5 Nc7 31. Qe2 b5 32. Qc2 b4 33. a4 Ne8 34. Qc5 Rb8
35. Qa7 Nd6 36. Rxd6 Qxd6 37. Qxf7+ Kh8 38. Qf6+ Kg8 39. Qf7+ Kh8 40. Qf6+ Kg8
41. Nf7 1-0

[Event "Festival de Montpellier - Masters"]
[Site "MONTPELLIER"]
[Date "2003.??.??"]
[Round "4.12"]
[White "Sermier, Guillaume"]
[Black "Gladyszev, Oleg"]
[Result "1/2-1/2"]
[WhiteElo "2373"]
[BlackElo "2455"]
[PlyCount "68"]

1. e4 c5 2. Nf3 Nc6 3. d4 cxd4 4. Nxd4 Nf6 5. Nc3 e5 6. Ndb5 d6 7. Bg5 a6 8.
Na3 b5 9. Nd5 Be7 10. Bxf6 Bxf6 11. c3 O-O 12. Nc2 Bg5 13. a4 bxa4 14. Rxa4 Bb7
15. Bc4 Na5 16. Ba2 Bc6 17. Ra3 Bb5 18. h4 Bh6 19. Nce3 Bxe3 20. Nxe3 Rc8 21.
Nf5 Nc4 22. Bxc4 Rxc4 23. Nxd6 Rd4 24. cxd4 Qxd6 25. f3 exd4 26. Kf2 d3 27. Qd2
Qd4+ 28. Kg3 f5 29. exf5 Rxf5 30. Re1 Qd6+ 31. Kf2 Qd4+ 32. Kg3 Qd6+ 33. Kf2
Qd4+ 34. Kg3 Qd6+ 1/2-1/2

[Event "Festival de Montpellier - Masters"]
[Site "MONTPELLIER"]
[Date "2003.??.??"]
[Round "4.13"]
[White "Gozzoli, Yannick"]
[Black "Parmentier, Xavier"]
[Result "1/2-1/2"]
[WhiteElo "2445"]
[BlackElo "2347"]
[PlyCount "29"]

1. e4 c5 2. Nc3 e6 3. Nf3 Nc6 4. Bb5 Nge7 5. O-O a6 6. Bxc6 Nxc6 7. d4 cxd4 8.
Nxd4 Qc7 9. Re1 Bd6 10. Nxc6 bxc6 11. f4 Bxf4 12. Bxf4 Qxf4 13. e5 O-O 14. Qd6
c5 15. Ne4 1/2-1/2

[Event "Festival de Montpellier - Masters"]
[Site "MONTPELLIER"]
[Date "2003.??.??"]
[Round "4.14"]
[White "Ionescu, Doru Alexandru"]
[Black "Flear, Christine"]
[Result "1/2-1/2"]
[WhiteElo "2406"]
[BlackElo "2239"]
[PlyCount "47"]

1. e4 c5 2. d3 Nc6 3. g3 e6 4. f4 d5 5. e5 f6 6. exf6 Nxf6 7. Nf3 Bd6 8. Bg2 e5
9. fxe5 Nxe5 10. Nxe5 Bxe5 11. c3 O-O 12. O-O Bg4 13. Qb3 Qd7 14. Bg5 Be2 15.
Re1 c4 16. dxc4 Bxc4 17. Qc2 Qc7 18. Nd2 Ng4 19. Nf3 Qb6+ 20. Kh1 Nf2+ 21. Kg1
Ng4+ 22. Kh1 Nf2+ 23. Kg1 Ng4+ 24. Kh1 1/2-1/2